Management of executive stress (Record no. 41868)
[ view plain ]
| 000 -LEADER | |
|---|---|
| fixed length control field | 00308pab a2200133 454500 |
| 008 - FIXED-LENGTH DATA ELEMENTS--GENERAL INFORMATION | |
| fixed length control field | 180718b1999 xxu||||| |||| 00| 0 eng d |
| 100 ## - MAIN ENTRY--PERSONAL NAME | |
| Personal name | Ahmad, Salma |
| 245 ## - TITLE STATEMENT | |
| Title | Management of executive stress |
| 260 ## - PUBLICATION, DISTRIBUTION, ETC. | |
| Date of publication, distribution, etc. | 1999 |
| 300 ## - PHYSICAL DESCRIPTION | |
| Extent | p.241-46 |
| 650 ## - SUBJECT ADDED ENTRY--TOPICAL TERM | |
| Topical term or geographic name entry element | Managers |
| 773 ## - HOST ITEM ENTRY | |
| Main entry heading | Business Review |
| 909 ## - | |
| -- | 41868 |
| Withdrawn status | Lost status | Damaged status | Not for loan | Permanent Location | Current Location | Date acquired | Serial Enumeration / chronology | Barcode | Date last seen | Price effective from | Koha item type |
|---|---|---|---|---|---|---|---|---|---|---|---|
| Indian Institute of Public Administration | Indian Institute of Public Administration | 2018-07-19 | Volume no: 5, Issue no: 1-2 | AR42245 | 2018-07-19 | 2018-07-19 | Articles |
